000
00335nam a22001457a 4500
020
_a
9780521635158
082
_a
669.96 HAA
100
_a
Haasen,Peter
245
_a
Physical Metallurgy
250
_a
3 ed
260
_a
Cambridge
_b
Cambridge univversity press
_c
1996
300
_a
419 p
650
_a
physical metallurgy
942
_c
REF
999
_c
1839
_d
1839